| 000 | 00567nam a22001817a 4500 | ||
|---|---|---|---|
| 003 | OSt | ||
| 005 | 20251121141741.0 | ||
| 008 | 251121b |||||||| |||| 00| 0 eng d | ||
| 040 | _aKenya National Library Service | ||
| 082 | _a331.25 INT | ||
| 245 |
_aInternational Labour Organisation : _bLabour-management relations series no 11 / _cInternational Labour Office |
||
| 300 |
_a234 pages : _c29 cm. |
||
| 504 | _aincludes indexes | ||
| 650 | _aDiseases | ||
| 942 |
_2ddc _cBK _n0 |
||
| 999 |
_c489557 _d489557 |
||